000 00356 a2200157 4500
001 60226
020 _a8575261878
040 _cAnchieta - Pituba
100 _aViana, Nildo
240 1 0 _aIntrodução à sociologia
_lpor
245 1 0 _aIntrodução à sociologia
300 _a144
362 0 _a2006
650 4 _aSociologia e Antropologia
942 _cBK
999 _c60226
_d60226